01215nam#a2200337 a 450000100060000000300080000600500170001400600190003100700150005000800410006503500230010603500240012903500250015303500210017804000260019905000200022508000070024508200120025210000230026422200680028724501440035526000320049930000100053136200170054153301640055865000240072265000230074665500270076971000190079685600620081568410FlNmELB20241217142907.0m o d | cr cn|||||||||201106r2002 ag |||||s|||||||||||spa d a(MiAaPQ)EBC3158937 a(Au-PeEL)EBL3158937 a(CaPaEBR)ebr10063278 a(OCoLC)955350996 aFlNmELBbspacFlNmELB 4aK542bF116 2002 a3404a3402221 aFarberman, Judith. 0aHistoria de las mujeres en la Argentina. Encierros y Sujeciones13aLa fama de la hechicera:h[recurso electronico]bla buena reputación femenina en un proceso criminal del siglo XVIII /cJudith Farberman. aArgentina :bTaurus,c2002. a24 p.0 aNo. 1(2002)- aRecurso electrónico. Santa Fe, Arg.: e-libro, 2015. Disponible vía World Wide Web. El acceso puede estar limitado para las bibliotecas afiliadas a e-libro. 4aHistoria.xGeneral. 4aHistory.xGeneral. 4aLibros electrónicos.2 ae-libro, Corp.40uhttps://elibro.net/ereader/politecnicointernacional/26995